| 000 | 00801amm a2200277a 44500 | ||
|---|---|---|---|
| 008 | 200117s2018 cat | ||
| 041 | _acat | ||
| 245 | _aVespes de les Balears | ||
| 245 | _h[en línia] | ||
| 260 | _a[S.l.] | ||
| 260 | _bDirecció General d'Innovació i Recerca | ||
| 260 | _bGovern de les Illes Balears. Direcció General d'Agricultura i Ramaderia | ||
| 260 | _c2018 | ||
| 300 |
_a1 cartell _bil. |
||
| 500 | _aNom científic | ||
| 520 | _a79 | ||
| 592 | _aObra terminològica | ||
| 593 | _aDGG | ||
| 650 |
_ainsectes _962668 |
||
| 856 | _uhttps://drive.google.com/file/d/1AZyNVrV82wespbNblwIDnuU1jNzpvLF8/view | ||
| 901 | _c<2018> | ||
| 902 | _a200117 | ||
| 942 |
_cMO _n0 |
||
| 999 |
_c67602 _d67602 |
||